The rites of the Catholic Church as revised by decree of the Second Vatican Ecumenical Council and published by authority of Pope Paul VI / (Запис № 544045)
[ простий вигляд ]
| 000 -LEADER | |
|---|---|
| fixed length control field | 01881cam a2200337 i 4500 |
| 001 - CONTROL NUMBER | |
| control field | ritesofcatholicc00cath |
| 003 - CONTROL NUMBER IDENTIFIER | |
| control field | CaSfIA |
| 005 - DATE AND TIME OF LATEST TRANSACTION | |
| control field | 20210118215529.0 |
| 007 - PHYSICAL DESCRIPTION FIXED FIELD--GENERAL INFORMATION | |
| fixed length control field | cr|||| |
| 008 - FIXED-LENGTH DATA ELEMENTS--GENERAL INFORMATION | |
| fixed length control field | 790402s1978 nyu b 00010 eng |
| 010 ## - LIBRARY OF CONGRESS CONTROL NUMBER | |
| LC control number | 79100486 //r80 |
| 020 ## - INTERNATIONAL STANDARD BOOK NUMBER | |
| International Standard Book Number | 0916134377 (v. 2) |
| 035 ## - SYSTEM CONTROL NUMBER | |
| System control number | (DLC) 79100486 //r80 |
| 040 ## - CATALOGING SOURCE | |
| Original cataloging agency | BIBLIOS |
| Modifying agency | CaSfIA |
| 050 0# - LIBRARY OF CONGRESS CALL NUMBER | |
| Classification number | BX2035 |
| Item number | .A4 1978 |
| 082 0# - DEWEY DECIMAL CLASSIFICATION NUMBER | |
| Classification number | 264/.025 |
| Edition number | 19 |
| 110 20 - MAIN ENTRY--CORPORATE NAME | |
| Corporate name or jurisdiction name as entry element | Catholic Church. |
| Form subheading | Liturgy and ritual. |
| 245 14 - TITLE STATEMENT | |
| Title | The rites of the Catholic Church as revised by decree of the Second Vatican Ecumenical Council and published by authority of Pope Paul VI / |
| Medium | [electronic resource] |
| Statement of responsibility, etc | English translation prepared by the International Commission on English in the Liturgy. |
| 260 0# - PUBLICATION, DISTRIBUTION, ETC. (IMPRINT) | |
| Place of publication, distribution, etc | New York : |
| Name of publisher, distributor, etc | Pueblo Pub. Co., |
| Date of publication, distribution, etc | c1978- |
| 300 ## - PHYSICAL DESCRIPTION | |
| Extent | v. ; |
| Dimensions | 23 cm. |
| 500 ## - GENERAL NOTE | |
| General note | Selected sections of the new Rituale Romanum and Pontificale Romanum in their authorized English versions, previously issued separately (1969-1976) ; an unofficial collection with added prefatory material. |
| 504 ## - BIBLIOGRAPHY, ETC. NOTE | |
| Bibliography, etc | Includes bibliographical references. |
| 506 ## - RESTRICTIONS ON ACCESS NOTE | |
| Standardized terminology for access restriction | Необхідна авторизація на https://archive.org/ (створення облікового запису безкоштовно) |
| 506 ## - RESTRICTIONS ON ACCESS NOTE | |
| Standardized terminology for access restriction | Необхідна авторизація на https://openlibrary.org/ (створення облікового запису безкоштовно) |
| 710 20 - ADDED ENTRY--CORPORATE NAME | |
| Corporate name or jurisdiction name as entry element | Catholic Church. |
| Form subheading | Liturgy and ritual. Rituale Romanum (1969- ) |
| 710 20 - ADDED ENTRY--CORPORATE NAME | |
| Corporate name or jurisdiction name as entry element | Catholic Church. |
| Form subheading | Liturgy and ritual. Pontifical (1968- ) |
| 710 20 - ADDED ENTRY--CORPORATE NAME | |
| Corporate name or jurisdiction name as entry element | International Committee on English in the Liturgy. |
| 856 41 - ELECTRONIC LOCATION AND ACCESS | |
| Uniform Resource Identifier | <a href="http://www.archive.org/details/ritesofcatholicc00cath">http://www.archive.org/details/ritesofcatholicc00cath</a> |
| Public note | Free eBook from the Internet Archive |
| 856 42 - ELECTRONIC LOCATION AND ACCESS | |
| Uniform Resource Identifier | <a href="http://www.openlibrary.org/books/OL4439284M">http://www.openlibrary.org/books/OL4439284M</a> |
| Public note | Additional information and access via Open Library |
| 942 ## - ADDED ENTRY ELEMENTS (KOHA) | |
| Koha item type | ЕКнига |
Немає доступних примірників.